<?xml version="1.0" encoding="UTF-8"?>
<record
    xmlns:xsi="http://www.w3.org/2001/XMLSchema-instance"
    xsi:schemaLocation="http://www.loc.gov/MARC21/slim http://www.loc.gov/standards/marcxml/schema/MARC21slim.xsd"
    xmlns="http://www.loc.gov/MARC21/slim">

  <leader>00563nam a22001217a 4500</leader>
  <datafield tag="040" ind1=" " ind2=" ">
    <subfield code="c">RUA</subfield>
  </datafield>
  <datafield tag="082" ind1=" " ind2=" ">
    <subfield code="a">AVM OEN 2025 B705 Or.1</subfield>
  </datafield>
  <datafield tag="100" ind1=" " ind2=" ">
    <subfield code="a">OENG BONNOET, &#x17A2;&#x17CA;&#x17B9;&#x1784; &#x1794;&#x17CA;&#x17BB;&#x1793;&#x1793;&#x17B9;&#x178F;</subfield>
  </datafield>
  <datafield tag="245" ind1=" " ind2=" ">
    <subfield code="a">Cattle Gastrointestinal parsites in roleab commune, sampov meas district,pursat province, &#x1794;&#x179A;&#x17B6;&#x179F;&#x17B7;&#x178F;&#x1780;&#x17D2;&#x1793;&#x17BB;&#x1784;&#x1780;&#x17D2;&#x179A;&#x1796;&#x17C7;&#x1796;&#x17C4;&#x17C7;&#x179C;&#x17C0;&#x1793;&#x1782;&#x17C4;&#x1793;&#x17C5;&#x1783;&#x17BB;&#x17C6; &#x179A;&#x179B;&#x17B6;&#x1794; &#x179F;&#x17D2;&#x179A;&#x17BB;&#x1780;&#x179F;&#x17C6;&#x1796;&#x17C5;&#x1798;&#x17B6;&#x179F; &#x1781;&#x17C1;&#x178F;&#x17D2;&#x178F;&#x1796;&#x17C4;&#x1792;&#x17B7;&#x17CD;&#x179F;&#x17B6;&#x178F;&#x17CB;</subfield>
  </datafield>
  <datafield tag="260" ind1=" " ind2=" ">
    <subfield code="a">PHNOM PENH</subfield>
    <subfield code="b">RUA</subfield>
    <subfield code="c">2025</subfield>
  </datafield>
  <datafield tag="300" ind1=" " ind2=" ">
    <subfield code="a">viii,41p.</subfield>
    <subfield code="b">ill.</subfield>
    <subfield code="c">29cm.</subfield>
  </datafield>
  <datafield tag="942" ind1=" " ind2=" ">
    <subfield code="c">AVM</subfield>
  </datafield>
  <datafield tag="999" ind1=" " ind2=" ">
    <subfield code="c">25803</subfield>
    <subfield code="d">25803</subfield>
  </datafield>
  <datafield tag="952" ind1=" " ind2=" ">
    <subfield code="0">0</subfield>
    <subfield code="1">0</subfield>
    <subfield code="4">0</subfield>
    <subfield code="6">AVM_OEN_2025_000000000000000_B705_OR_1</subfield>
    <subfield code="7">0</subfield>
    <subfield code="9">106480</subfield>
    <subfield code="a">LBB</subfield>
    <subfield code="b">LBB</subfield>
    <subfield code="c">B705</subfield>
    <subfield code="d">2026-05-23</subfield>
    <subfield code="l">1</subfield>
    <subfield code="o">AVM OEN 2025 B705 Or.1</subfield>
    <subfield code="p">B712351</subfield>
    <subfield code="r">2026-06-19</subfield>
    <subfield code="s">2026-06-04</subfield>
    <subfield code="y">AVM</subfield>
  </datafield>
  <datafield tag="952" ind1=" " ind2=" ">
    <subfield code="0">0</subfield>
    <subfield code="1">0</subfield>
    <subfield code="4">0</subfield>
    <subfield code="6">AVM_OEN_2025_000000000000000_B705_OR_2</subfield>
    <subfield code="7">0</subfield>
    <subfield code="9">106481</subfield>
    <subfield code="a">LBB</subfield>
    <subfield code="b">LBB</subfield>
    <subfield code="c">B705</subfield>
    <subfield code="d">2026-05-23</subfield>
    <subfield code="o">AVM OEN 2025 B705 Or.2</subfield>
    <subfield code="p">B712319</subfield>
    <subfield code="r">2026-05-23</subfield>
    <subfield code="y">AVM</subfield>
  </datafield>
</record>
